Разряд в газе высокого давления, инициируемый пучком быстрых электронов; Журнал прикладной механики и технической физики; № 6

Бібліографічні деталі
Parent link:Журнал прикладной механики и технической физики/ Академия наук СССР (АН СССР), Сибирское отделение (СО).— , 1960-1991
№ 6.— 1971.— С. 21-29
Інші автори: Ковальчук Б. М. Борис Михайлович, Кремнев В. В., Месяц Г. А. Геннадий Андреевич, Поталицын Ю. Ф.
Мова:Російська
Опубліковано: 1971
Предмети:
Формат: Частина з книги
KOHA link:https://koha.lib.tpu.ru/cgi-bin/koha/opac-detail.pl?biblionumber=450019

MARC

LEADER 00000naa2a2200000 4500
001 450019
005 20231101083242.0
035 |a (RuTPU)RU\TPU\prd\112143 
090 |a 450019 
100 |a 20110609a1971 k y0rusy50 ca 
101 0 |a rus 
102 |a RU 
200 1 |a Разряд в газе высокого давления, инициируемый пучком быстрых электронов  |f Б. М. Ковальчук [и др.] 
320 |a Библиогр.: с. 29 (7 назв.) 
461 0 |0 (RuTPU)RU\TPU\prd\302  |t Журнал прикладной механики и технической физики  |f Академия наук СССР (АН СССР), Сибирское отделение (СО)  |d 1960-1991 
463 0 |0 (RuTPU)RU\TPU\prd\108406  |t № 6  |v С. 21-29  |d 1971 
610 1 |a труды учёных ТПУ 
701 1 |a Ковальчук  |b Б. М.  |c российский электрофизик  |c профессор-консультант Томского политехнического университета  |c зав. лаб. Института сильноточной электроники Томского политехнического университета  |c выпускник ЭЭФ Томского политехнического института 1962 г., академик РАН  |f 1939-  |g Борис Михайлович  |2 stltpush  |3 (RuTPU)RU\TPU\pers\27417 
701 1 |a Кремнев  |b В. В. 
701 1 |a Месяц  |b Г. А.  |c российский физик  |c академик, вице-президент РАН  |c выпускник Томского политехнического института  |f 1936-  |g Геннадий Андреевич  |2 stltpush  |3 (RuTPU)RU\TPU\pers\17099  |4 070 
701 1 |a Поталицын  |b Ю. Ф. 
801 1 |a RU  |b 63413507  |c 20110609 
801 2 |a RU  |b 63413507  |c 20110620  |g RCR 
942 |c BK